مكتبة جامعة عجلون الوطنية

فهرس بحث المكتبة

الاستراتيجيات التدريسية المبنية على الأدلة التي يستخدمها المعلم المساند في تعليم مهارات القراءة والكتابة للطلبة ذوي صعوبات التعلم = Evidence-Based Teaching Strategies Used by the Support Teacher in Teaching Reading and Writing Skills to Students with Learning Disabilities (Record no. 33968)

MARC details
000 -LEADER
fixed length control field 01011nam a22001817a 4500
003 - CONTROL NUMBER IDENTIFIER
control field JO-AjAnu
005 - DATE AND TIME OF LATEST TRANSACTION
control field 20250923092449.0
008 - FIXED-LENGTH DATA ELEMENTS--GENERAL INFORMATION
fixed length control field 250921b jo ||||| |||| 00| 0 ara d
040 ## - CATALOGING SOURCE
Original cataloging agency anu
Transcribing agency JO-AjAnu
041 ## - LANGUAGE CODE
Language code of original ara
100 ## - MAIN ENTRY--PERSONAL NAME
Personal name روابدة، محمد جهاد محمود
Relator term معد
9 (RLIN) 66639
245 ## - TITLE STATEMENT
Title الاستراتيجيات التدريسية المبنية على الأدلة التي يستخدمها المعلم المساند في تعليم مهارات القراءة والكتابة للطلبة ذوي صعوبات التعلم = Evidence-Based Teaching Strategies Used by the Support Teacher in Teaching Reading and Writing Skills to Students with Learning Disabilities
Statement of responsibility, etc. / اعداد محمد جهاد محمود روابده ؛ اشراف فيصل عيسى النواصرة
260 ## - PUBLICATION, DISTRIBUTION, ETC.
Date of publication, distribution, etc. 2025
300 ## - PHYSICAL DESCRIPTION
Extent 86 ورقة
650 ## - SUBJECT ADDED ENTRY--TOPICAL TERM
Form subdivision القراءة والكتابة-صعوبات التعلم
700 ## - ADDED ENTRY--PERSONAL NAME
Personal name النواصرة، فيصل عيسى
Relator term مشرف
9 (RLIN) 66061
942 ## - ADDED ENTRY ELEMENTS (KOHA)
Source of classification or shelving scheme Library of Congress Classification
Koha item type Thesis
Suppress in OPAC No
Holdings
Withdrawn status Lost status Source of classification or shelving scheme Damaged status Not for loan Home library Current library Date acquired Total Checkouts Full call number Barcode Date last seen Price effective from Koha item type
    Library of Congress Classification     مكتبة جامعة عجلون الوطنية مكتبة جامعة عجلون الوطنية 21/09/2025   LB1050.5.2025 A30352 21/09/2025 21/09/2025 Thesis
    Library of Congress Classification     مكتبة جامعة عجلون الوطنية مكتبة جامعة عجلون الوطنية 21/09/2025   LB1050.5.2025 A30351 21/09/2025 21/09/2025 Thesis